500 câu hỏi trắc nghiệm kinh tế học vi mô

Shranjeno v:
Bibliografske podrobnosti
Glavni avtor: Ts. Tạ Đức Khánh
Format: Knjiga
Jezik:Vietnamese
Izdano: Giáo dục 2009
Oznake: Označite
Brez oznak, prvi označite!
Thư viện lưu trữ: Mạng thư viện Đại học Đà Nẵng
LEADER 00652nam a2200277 4500
001 000025982
003 1521
005 20150325120000.0
008 150325s vm 000 vie
020 |c 0,0000 
040 |a NOTTS 
100 |a Ts. Tạ Đức Khánh 
245 |a 500 câu hỏi trắc nghiệm kinh tế học vi mô 
260 |b Giáo dục  |c 2009 
300 |a 211tr. ; 
OWN |a LTT 
999 |a From the UDN01 
TYP |a Monograph 
TYP |a Printed language 
980 |a Mạng thư viện Đại học Đà Nẵng